Udržba a opravy automobilů Fiat /

Hlavní autor: Šteiner, Bruno
Jazyk: Čeština
Vydáno: Praha : Státní nakladatelství technické literatury, 1974
Vydání: 1. vyd.
Edice: Řada strojírenské literatury
Externí odkaz: Digitalizovaný dokument
Fyzický popis: 478, [14] s. obr. příl. : il. ; 8°
Knihy
Uloženo v:
LEADER 01224nam a22003252a 4500
001 000783376
003 CZ BrMZK
005 20121008140100.0
007 ta
008 050721s1974 xr af er 000 0 cze d
015 |a cnb000159476 
035 |a (OCoLC)42101927 
040 |a ABA001  |b cze  |c OLA001  |d ABA001 
080 9 |a 629.114.6.004.5(024) 
100 1 |a Šteiner, Bruno  |7 jk01131217  |4 aut 
245 1 0 |a Udržba a opravy automobilů Fiat /  |c Bruno Šteiner 
250 |a 1. vyd. 
260 |a Praha :  |b Státní nakladatelství technické literatury,  |c 1974 
300 |a 478, [14] s. obr. příl. :  |b il. ;  |c 8° 
490 1 |a Řada strojírenské literatury 
500 |a 35200 výt. 
504 |a Obsahuje bibliografii 
830 0 |a Řada strojírenské literatury  |0 s 
856 4 1 |u http://www.digitalniknihovna.cz/mzk/uuid/uuid:ed768bc0-c61c-11e3-b110-005056827e51  |y Digitalizovaný dokument  |x NDK 
910 |a BOA001  |b TK-0176.694  |b 2-0727.025 
920 |a 000211503 
990 |a BK 
991 |b 200507 
996 6 |b 2619921869  |c 2-0727.025  |l Sklad H1  |r Sklad / do 24 hodin  |n 1  |h HS212  |w 000783376  |u 000050  |a 1  |e BOA001  |j MZK50  |s P 
996 7 |b 2629944840  |c TK-0176.694  |l MZK  |r Sklad / do 24 hodin  |n 3  |w 000783376  |u 000030  |a 1  |e BOA001  |j MZK50  |s A